[Event "First Saturday 2010 junius GM"]
[Site "Budapest"]
[Date "2010.06.05"]
[Round "1"]
[White "Kislik, Erik Andrew"]
[Black "Vajda, Levente"]
[Result "1/2-1/2"]
[WhiteElo "2353"]
[BlackElo "2519"]
[PlyCount "95"]
[EventDate "2010.06.05"]

1. e4 e5 2. Nf3 Nc6 3. Bb5 a6 4. Ba4 Nf6 5. O-O Be7 6. Re1 b5 7. Bb3 O-O 8. c3
d5 9. exd5 Nxd5 10. Nxe5 Nxe5 11. Rxe5 c6 12. d4 Bd6 13. Re1 Qh4 14. g3 Qh3 15.
Re4 g5 16. Qf1 Qh5 17. Nd2 Nf6 18. f3 Nxe4 19. fxe4 Bh3 20. Qf2 Kg7 21. Nf3 Be7
22. Bd2 f5 23. e5 Kh8 24. e6 f4 25. Ne5 fxg3 26. Qxg3 Rf5 27. Bc2 Raf8 28. Nf7+
R8xf7 29. exf7 Rxf7 30. Be4 Bd8 31. Qe5+ Kg8 32. Qe8+ Kg7 33. Qe5+ Kh6 34. Qd6+
Rf6 35. Qg3 Be7 36. Bg2 Bxg2 37. Qxg2 Bd6 38. Re1 Kg7 39. Re2 g4 40. Be1 Qf5
41. Re4 h5 42. Qe2 Kf7 43. Bg3 Bxg3 44. Re7+ Kg6 45. hxg3 Qf3 46. Qe1 Qf5 47.
Re5 Qd3 48. Re6 1/2-1/2

[Event "First Saturday 2010 junius GM"]
[Site "Budapest"]
[Date "2010.06.05"]
[Round "1"]
[White "Husari, Satea"]
[Black "Kovacs, Gabor"]
[Result "0-1"]
[WhiteElo "2334"]
[BlackElo "2521"]
[PlyCount "134"]
[EventDate "2010.06.05"]

1. d4 d5 2. Nf3 Nf6 3. c4 e6 4. Nc3 Be7 5. cxd5 exd5 6. Bg5 c6 7. Qc2 g6 8. e3
Bf5 9. Bd3 Bxd3 10. Qxd3 Nbd7 11. O-O O-O 12. Rab1 a5 13. h3 Re8 14. Bf4 Nb6
15. Nd2 Nh5 16. Be5 Ng7 17. Rbd1 Bf6 18. Bxf6 Qxf6 19. e4 Red8 20. e5 Qf5 21.
Qe3 f6 22. f4 Qe6 23. g4 Rf8 24. Ne2 Qe7 25. Ng3 f5 26. g5 Qb4 27. a3 Qa4 28.
Ne2 Ne6 29. Kg2 Rfd8 30. h4 c5 31. b3 cxd4 32. Qd3 Qxa3 33. Nxd4 Nc5 34. Qh3
Qb2 35. h5 Qxd4 36. hxg6 Rd7 37. e6 Nxe6 38. Qxf5 Nf8 39. gxh7+ Rxh7 40. Nf3
Qe4 41. Qxe4 dxe4 42. Ne5 Nbd7 43. Ng4 Ra6 44. Rd4 Rb6 45. Rb1 Kf7 46. Rxe4 Kg6
47. Ne3 Rb4 48. Rxb4 axb4 49. Nd5 Kf5 50. Kg3 Ng6 51. Rf1 Nc5 52. Ne3+ Ke4 53.
f5 Kxe3 54. fxg6 Rg7 55. Kg4 Rxg6 56. Kh5 Rg8 57. Rf7 Rh8+ 58. Kg4 Rh1 59. g6
Rg1+ 60. Kf5 Kd4 61. g7 Kc3 62. Kf6 Kxb3 63. Rc7 Kc4 64. Re7 b3 65. Re1 Rg2 66.
Kf7 b5 67. Rc1+ Kb4 0-1

[Event "First Saturday 2010 junius GM"]
[Site "Budapest"]
[Date "2010.06.05"]
[Round "1"]
[White "Mihok, Oliver"]
[Black "Nadig, Kruttika"]
[Result "1-0"]
[WhiteElo "2425"]
[BlackElo "2236"]
[PlyCount "139"]
[EventDate "2010.06.05"]

1. e4 c5 2. Nf3 d6 3. d4 cxd4 4. Nxd4 Nf6 5. Nc3 a6 6. Be3 e5 7. Nb3 Be6 8. Qd2
Be7 9. O-O-O Ng4 10. g3 Nxe3 11. Qxe3 Nd7 12. f4 Rc8 13. Kb1 b5 14. h4 Qc7 15.
Bd3 Nb6 16. f5 Bc4 17. Bxc4 Nxc4 18. Qf2 Qc6 19. Nd5 a5 20. Nd2 Bd8 21. Nxc4
Qxc4 22. Rhe1 a4 23. a3 Qc5 24. Qd2 h5 25. Re3 Qa7 26. Rc3 Rc5 27. Nb4 Bc7 28.
Rxc5 Qxc5 29. Na6 Qc6 30. Nxc7+ Qxc7 31. Qxd6 Qxd6 32. Rxd6 Ke7 33. Rd5 f6 34.
Rxb5 Rg8 35. Kc1 g6 36. Rb7+ Kd6 37. Rf7 gxf5 38. Rxf6+ Kc5 39. Rxf5 Kd4 40.
Rxh5 Rxg3 41. Rg5 Rh3 42. Rg1 Kxe4 43. Kd2 Rxh4 44. Rg8 Kd4 45. Rd8+ Kc4 46.
Ra8 Rh2+ 47. Ke3 Rxc2 48. Rxa4+ Kb5 49. Rb4+ Ka5 50. Rb8 Ka4 51. Kd3 Rh2 52.
Kc3 Re2 53. b3+ Ka5 54. Kd3 Ra2 55. a4 Rb2 56. Kc4 Rc2+ 57. Kd3 Rb2 58. Kc3 Re2
59. Ra8+ Kb6 60. Re8 Ka6 61. Kd3 Rb2 62. Re6+ Kb7 63. Kc4 Re2 64. Kb5 Rb2 65.
b4 Re2 66. Re7+ Kc8 67. a5 e4 68. a6 e3 69. a7 Ra2 70. Kb6 1-0

[Event "First Saturday 2010 junius GM"]
[Site "Budapest"]
[Date "2010.06.05"]
[Round "1"]
[White "Balog, Imre"]
[Black "Toth, Ervin"]
[Result "1-0"]
[WhiteElo "2494"]
[BlackElo "2360"]
[PlyCount "43"]
[EventDate "2010.06.05"]

1. c4 Nf6 2. g3 e5 3. Bg2 Nc6 4. Nc3 Bb4 5. Nd5 Nxd5 6. cxd5 Ne7 7. Nf3 Ng6 8.
h4 Qe7 9. h5 Nf8 10. O-O Bc5 11. d4 exd4 12. Nxd4 d6 13. b4 Bb6 14. Bb2 h6 15.
a4 Bg4 16. a5 Bxd4 17. Qxd4 Bxh5 18. Ra3 Kd8 19. Re3 Qg5 20. Qxg7 Qxg7 21. Bxg7
Rg8 22. Bf6+ 1-0

[Event "First Saturday 2010 junius GM"]
[Site "Budapest"]
[Date "2010.06.05"]
[Round "1"]
[White "Fogarasi, Tibor"]
[Black "Ilincic, Zlatko"]
[Result "1/2-1/2"]
[WhiteElo "2425"]
[BlackElo "2447"]
[PlyCount "52"]
[EventDate "2010.06.05"]

1. e4 e5 2. Nf3 Nf6 3. Nxe5 d6 4. Nf3 Nxe4 5. Nc3 Nxc3 6. dxc3 Be7 7. Be3 O-O
8. Qd2 Nd7 9. O-O-O Re8 10. h4 c6 11. Bd3 Qa5 12. Kb1 Ne5 13. Nxe5 dxe5 14. Qe2
Be6 15. Bc4 Bxc4 16. Qxc4 Rad8 17. h5 Rxd1+ 18. Rxd1 Rd8 19. Rd3 a6 20. Qg4 Qc7
21. Qe4 g6 22. g4 Rxd3 23. cxd3 Qd7 24. Qxe5 Qxd3+ 25. Kc1 Qd6 26. Qe4 Qe6
1/2-1/2

[Event "First Saturday 2010 junius GM"]
[Site "Budapest"]
[Date "2010.06.06"]
[Round "2"]
[White "Vajda, Levente"]
[Black "Ilincic, Zlatko"]
[Result "1/2-1/2"]
[WhiteElo "2519"]
[BlackElo "2447"]
[PlyCount "25"]
[EventDate "2010.06.05"]

1. e4 e5 2. Nf3 Nf6 3. Nxe5 d6 4. Nf3 Nxe4 5. Qe2 Qe7 6. d3 Nf6 7. Bg5 Qxe2+ 8.
Bxe2 Be7 9. Nc3 c6 10. O-O-O d5 11. Rhe1 h6 12. Bh4 g5 13. Bg3 1/2-1/2

[Event "First Saturday 2010 junius GM"]
[Site "Budapest"]
[Date "2010.06.06"]
[Round "2"]
[White "Toth, Ervin"]
[Black "Fogarasi, Tibor"]
[Result "1/2-1/2"]
[WhiteElo "2360"]
[BlackElo "2425"]
[PlyCount "109"]
[EventDate "2010.06.05"]

1. d4 Nf6 2. c4 g6 3. f3 d5 4. cxd5 Nxd5 5. e4 Nb6 6. Nc3 Bg7 7. Be3 c6 8. Qd2
Na6 9. O-O-O Be6 10. Bh6 Bxh6 11. Qxh6 Bc4 12. Nh3 Qd6 13. a3 O-O-O 14. e5 Qc7
15. Ng5 f6 16. Qh3+ Kb8 17. Bxc4 Nxc4 18. Qe6 Nxb2 19. Kxb2 fxg5 20. h4 Qb6+
21. Qb3 Qxb3+ 22. Kxb3 gxh4 23. Rxh4 Nc7 24. Rdh1 h5 25. a4 Ne6 26. Kc4 g5 27.
Re4 h4 28. Ne2 {after 17 move} 28... Rdf8 29. Rh3 Kc8 30. d5 cxd5+ 31. Kxd5 Kd7
32. Rb4 b6 33. a5 b5 34. Rb1 g4 35. Rhh1 gxf3 36. gxf3 Rxf3 37. Rxb5 Re3 38.
Nc1 Rh5 39. Rb7+ Nc7+ 40. Kd4 Rexe5 41. Nd3 Rb5 42. Rxa7 Rxa5 43. Rxa5 Rxa5 44.
Ne5+ Ke6 45. Nf3 Nb5+ 46. Ke3 Nd6 47. Nxh4 Rh5 48. Kf4 Kf6 49. Kg4 Rg5+ 50. Kf3
e5 51. Ng2 e4+ 52. Kf2 Nf5 53. Ra1 Rg8 54. Ra6+ Kg5 55. Ra5 1/2-1/2

[Event "First Saturday 2010 junius GM"]
[Site "Budapest"]
[Date "2010.06.06"]
[Round "2"]
[White "Nadig, Kruttika"]
[Black "Balog, Imre"]
[Result "0-1"]
[WhiteElo "2236"]
[BlackElo "2494"]
[PlyCount "100"]
[EventDate "2010.06.05"]

1. Nf3 Nf6 2. g3 d5 3. Bg2 g6 4. b3 Bg7 5. Bb2 c5 6. O-O O-O 7. d4 cxd4 8. Bxd4
Nc6 9. Bb2 Qb6 10. Nbd2 Rd8 11. e3 Bf5 12. Rc1 Rac8 13. a3 Ne4 14. Bxg7 Kxg7
15. Nb1 e5 16. Qe2 Be6 17. Nfd2 Nf6 18. b4 a5 19. b5 Ne7 20. a4 Nf5 21. Nf3 e4
22. Nfd2 Nd6 23. c3 Bg4 24. Qe1 Nc4 25. h3 Be6 26. Nxc4 Rxc4 27. Qd1 Rdc8 28.
Qc2 Qc7 29. Rfd1 Nd7 30. Bf1 Rc5 31. Rd4 Ne5 32. Bg2 h5 33. Qe2 h4 34. g4 Rf8
35. c4 f5 36. Rcd1 Nxc4 37. g5 f4 38. exf4 Qxf4 39. Nc3 Qxg5 40. Kh1 Bxh3 41.
Bxe4 dxe4 42. Rg1 Qf6 43. Rxc4 Rxc4 44. Qxc4 Qf3+ 45. Kh2 Qxf2+ 46. Kh1 Qf3+
47. Kh2 Bf5 48. Qc7+ Kh6 49. Rc1 Qh3+ 50. Kg1 Qe3+ 0-1

[Event "First Saturday 2010 junius GM"]
[Site "Budapest"]
[Date "2010.06.06"]
[Round "2"]
[White "Kislik, Erik Andrew"]
[Black "Husari, Satea"]
[Result "0-1"]
[WhiteElo "2353"]
[BlackElo "2334"]
[PlyCount "88"]
[EventDate "2010.06.05"]

1. e4 c5 2. Nf3 d6 3. d4 cxd4 4. Nxd4 Nf6 5. Nc3 g6 6. Be3 Bg7 7. f3 O-O 8. Qd2
Nc6 9. O-O-O d5 10. exd5 Nxd5 11. Nxc6 bxc6 12. Nxd5 cxd5 13. Qxd5 Qc7 14. Qxa8
Bf5 15. Qxf8+ Kxf8 16. Rd2 h5 17. Be2 Bf6 18. g3 Qb7 19. c4 Qa6 20. a3 Qa4 21.
g4 hxg4 22. fxg4 Bxg4 23. Bxg4 Qxc4+ 24. Rc2 Qxg4 25. Bxa7 Qd7 26. Bc5 Bxb2+
27. Rxb2 Qc6 28. Rf1 Qxc5+ 29. Kd1 Qxa3 30. Rff2 f6 31. Ra2 Qb3+ 32. Rfc2 Kf7
33. Ke1 Qf3 34. Re2 g5 35. Rac2 Kg6 36. Rf2 Qe3+ 37. Kf1 f5 38. Rce2 Qd3 39.
Kg1 Kf6 40. Re1 e5 41. Rc1 f4 42. Rc6+ Kf5 43. Rc8 Qd1+ 44. Rf1 Qg4+ 0-1

[Event "First Saturday 2010 junius GM"]
[Site "Budapest"]
[Date "2010.06.07"]
[Round "3"]
[White "Husari, Satea"]
[Black "Vajda, Levente"]
[Result "1/2-1/2"]
[WhiteElo "2334"]
[BlackElo "2519"]
[PlyCount "59"]
[EventDate "2010.06.05"]

1. e4 e5 2. Nf3 Nc6 3. Nc3 Nf6 4. Bb5 Nd4 5. Nxd4 exd4 6. e5 dxc3 7. exf6 Qxf6
8. dxc3 c6 9. Bd3 d5 10. O-O Be6 11. Be3 Bd6 12. Qh5 h6 13. f4 g6 14. Qf3 Qe7
15. Rae1 Rg8 16. Bd4 O-O-O 17. Bxa7 c5 18. Bb6 g5 19. Bxd8 Qxd8 20. fxg5 Rxg5
21. Rxe6 fxe6 22. Qf7 Re5 23. Qf6 c4 24. Qxd8+ Kxd8 25. Bh7 Bc5+ 26. Kh1 Re2
27. a4 b6 28. b4 cxb3 29. cxb3 Bf2 30. Rc1 1/2-1/2

[Event "First Saturday 2010 junius GM"]
[Site "Budapest"]
[Date "2010.06.07"]
[Round "3"]
[White "Mihok, Oliver"]
[Black "Kislik, Erik Andrew"]
[Result "1/2-1/2"]
[WhiteElo "2425"]
[BlackElo "2353"]
[PlyCount "104"]
[EventDate "2010.06.05"]

1. e4 c5 2. Nf3 d6 3. d4 cxd4 4. Nxd4 Nf6 5. Nc3 g6 6. Be3 Bg7 7. f3 O-O 8. Qd2
Nc6 9. O-O-O d5 10. exd5 Nxd5 11. Nxc6 bxc6 12. Bd4 Bxd4 13. Qxd4 Qb6 14. Na4
Qc7 15. Nc5 Rb8 16. Bc4 e5 17. Qf2 Qa5 18. Bb3 Rb5 19. Nd3 Bf5 20. Qe1 Bxd3 21.
Qxa5 Rxa5 22. Rxd3 Nb4 23. Rd7 Nxa2+ 24. Kd2 Nb4 25. Re1 a6 26. c3 Nd5 27. Bxd5
cxd5 28. Rxe5 Rb8 29. Ree7 Rxb2+ 30. Kd3 d4 31. Rxf7 dxc3 32. Rg7+ Kf8 33.
Rdf7+ Ke8 34. Ra7 Kf8 35. Rxh7 Kg8 36. Kxc3 Rxg2 37. Rhg7+ Kf8 38. Rh7 Kg8 39.
Rhg7+ Kf8 40. Rgc7 Re5 41. Ra8+ Re8 42. Rxa6 Re7 43. Ra8+ Kf7 44. Rxe7+ Kxe7
45. Rh8 Rf2 46. Rh3 Kf6 47. Kd4 g5 48. Ke3 Ra2 49. Rh6+ Kg7 50. Rh5 Kg6 51. Rh8
Kg7 52. Rh3 Kf6 1/2-1/2

[Event "First Saturday 2010 junius GM"]
[Site "Budapest"]
[Date "2010.06.07"]
[Round "3"]
[White "Balog, Imre"]
[Black "Kovacs, Gabor"]
[Result "1-0"]
[WhiteElo "2494"]
[BlackElo "2521"]
[PlyCount "79"]
[EventDate "2010.06.05"]

1. c4 e6 2. Nf3 d5 3. g3 Nf6 4. Bg2 Be7 5. b3 O-O 6. Bb2 b6 7. O-O Bb7 8. e3 c5
9. Qe2 Nc6 10. Rd1 dxc4 11. bxc4 Qc7 12. Nc3 a6 13. Rac1 Rfd8 14. d3 Rab8 15.
Na4 Ne8 16. d4 Na5 17. Bc3 cxd4 18. Bxa5 bxa5 19. exd4 Bc6 20. Nc3 Bxf3 21.
Bxf3 Bf6 22. d5 Bxc3 23. Rxc3 exd5 24. Rxd5 Rxd5 25. Bxd5 Nf6 26. Re3 Kf8 27.
Bf3 Re8 28. Rxe8+ Nxe8 29. Qd3 Nf6 30. Qa3+ Ke8 31. c5 Nd7 32. c6 Ne5 33. Bd5
g6 34. Qc5 Ng4 35. h3 Nf6 36. Bc4 Kd8 37. Bxa6 Ne8 38. Bc4 h5 39. Qf8 Qd6 40.
c7+ 1-0

[Event "First Saturday 2010 junius GM"]
[Site "Budapest"]
[Date "2010.06.07"]
[Round "3"]
[White "Fogarasi, Tibor"]
[Black "Nadig, Kruttika"]
[Result "1-0"]
[WhiteElo "2425"]
[BlackElo "2236"]
[PlyCount "71"]
[EventDate "2010.06.05"]

1. c4 Nf6 2. Nc3 d5 3. cxd5 Nxd5 4. g3 Nc6 5. Bg2 Nb6 6. Nf3 g6 7. O-O Bg7 8.
d3 O-O 9. Be3 Re8 10. Qc1 Nb4 11. Bh6 N4d5 12. Bxg7 Kxg7 13. e4 Nb4 14. d4 e5
15. dxe5 Bg4 16. Rd1 Qe7 17. Qf4 Bxf3 18. Bxf3 Nc6 19. Qf6+ Qxf6 20. exf6+ Kxf6
21. Bg2 Rad8 22. f4 a6 23. e5+ Ke7 24. Ne4 Nc4 25. Nf6 Ne3 26. Bxc6 bxc6 27.
Rdc1 Rh8 28. Rxc6 Rd2 29. Re1 Nf5 30. Rxc7+ Ke6 31. Ne4 Rhd8 32. Nxd2 Rxd2 33.
Rc6+ Kd5 34. Rxa6 Nd4 35. Rd6+ Kc4 36. Re4 1-0

[Event "First Saturday 2010 junius GM"]
[Site "Budapest"]
[Date "2010.06.07"]
[Round "3"]
[White "Ilincic, Zlatko"]
[Black "Toth, Ervin"]
[Result "0-1"]
[WhiteElo "2447"]
[BlackElo "2360"]
[PlyCount "72"]
[EventDate "2010.06.05"]

1. d4 Nf6 2. c4 g6 3. g3 Bg7 4. Bg2 O-O 5. Nc3 d6 6. Nf3 Nbd7 7. O-O e5 8. e4
c6 9. b3 Qa5 10. Bd2 Qb6 11. d5 cxd5 12. cxd5 Nc5 13. Qc2 Bd7 14. h3 Rfc8 15.
Rfe1 Bb5 16. Nh2 Bd3 17. Qd1 a5 18. Ng4 Nxg4 19. hxg4 a4 20. Nxa4 Nxa4 21. bxa4
Qb2 22. Be3 Bc2 23. Qd2 Qa3 24. a5 Qa4 25. Bb6 Bf6 26. g5 Be7 27. f3 Qa3 28.
Rac1 Ba4 29. Kf2 Kg7 30. Bh3 Rxc1 31. Rxc1 Bb5 32. Rc7 Bd8 33. Rxb7 Bxb6+ 34.
axb6 Qa6 35. Re7 Qxb6+ 36. Kg2 Kf8 0-1

[Event "First Saturday 2010 junius GM"]
[Site "Budapest"]
[Date "2010.06.08"]
[Round "4"]
[White "Nadig, Kruttika"]
[Black "Ilincic, Zlatko"]
[Result "1/2-1/2"]
[WhiteElo "2236"]
[BlackElo "2447"]
[PlyCount "30"]
[EventDate "2010.06.05"]

1. Nf3 f5 2. g3 Nf6 3. Bg2 g6 4. O-O Bg7 5. d3 O-O 6. e4 d6 7. Re1 e5 8. Nc3
Nc6 9. h3 h6 10. Nh4 Kh7 11. exf5 gxf5 12. f4 Be6 13. Be3 Qd7 14. Bf2 exf4 15.
gxf4 Rae8 1/2-1/2

[Event "First Saturday 2010 junius GM"]
[Site "Budapest"]
[Date "2010.06.08"]
[Round "4"]
[White "Kovacs, Gabor"]
[Black "Fogarasi, Tibor"]
[Result "0-1"]
[WhiteElo "2521"]
[BlackElo "2425"]
[PlyCount "78"]
[EventDate "2010.06.05"]

1. d4 Nf6 2. c4 g6 3. Nc3 d5 4. Nf3 Bg7 5. cxd5 Nxd5 6. e4 Nxc3 7. bxc3 c5 8.
Rb1 O-O 9. Be2 Qa5 10. O-O Qxc3 11. Rb3 Qa5 12. Rb5 Qxa2 13. Rxc5 Qe6 14. Bc4
Qb6 15. h3 Nc6 16. Be3 Qd8 17. Qb1 Na5 18. Be2 b6 19. Rc2 Bb7 20. Ra2 Bc8 21.
Rc1 f5 22. Bd2 fxe4 23. Qxe4 Bf5 24. Qh4 e5 25. Bg5 Qd5 26. Rxa5 Qxa5 27. Rc7
b5 28. Rxg7+ Kxg7 29. dxe5 Rac8 30. g4 Qa1+ 31. Kh2 Be4 32. Bf6+ Kg8 33. Ng5
Qh1+ 34. Kg3 Rc3+ 35. Kf4 Qc1+ 36. Kxe4 Qc2+ 37. Kd5 Qd2+ 38. Ke6 Re8+ 39. Be7
Rc6# 0-1

[Event "First Saturday 2010 junius GM"]
[Site "Budapest"]
[Date "2010.06.08"]
[Round "4"]
[White "Kislik, Erik Andrew"]
[Black "Balog, Imre"]
[Result "1-0"]
[WhiteElo "2353"]
[BlackElo "2494"]
[PlyCount "107"]
[EventDate "2010.06.05"]

1. e4 e6 2. d4 d5 3. Nc3 Nf6 4. e5 Nfd7 5. f4 c5 6. Nf3 Nc6 7. Be3 a6 8. Be2 b5
9. O-O Qb6 10. a4 b4 11. a5 Qc7 12. Na4 c4 13. f5 exf5 14. Ng5 h6 15. Nh3 Ne7
16. Nf4 Qc6 17. Bf2 g5 18. Nh5 Kd8 19. Be1 Rb8 20. b3 c3 21. Bd3 Qe6 22. Qf3
Rg8 23. Bxf5 g4 24. Qf4 Nxf5 25. Qxf5 Qxf5 26. Rxf5 Ke8 27. Bh4 Be7 28. Bxe7
Kxe7 29. Raf1 Rf8 30. Nf4 Rb5 31. e6 Nf6 32. Rxf6 Kxf6 33. Nxd5+ Kg7 34. Nc7
Bxe6 35. Nxb5 axb5 36. Nb6 Rb8 37. d5 Bc8 38. Rf4 Ba6 39. d6 Rd8 40. Rxg4+ Kf6
41. d7 Ke5 42. Rxb4 Kd6 43. Rh4 Bb7 44. Rxh6+ Kc5 45. Rh4 b4 46. Rc4+ Kb5 47.
Rf4 Kxa5 48. Nc4+ Ka6 49. Rf6+ Ka7 50. Rxf7 Bd5 51. Ne5 Kb6 52. Rf4 Kc5 53.
Nd3+ Kd6 54. Rxb4 1-0

[Event "First Saturday 2010 junius GM"]
[Site "Budapest"]
[Date "2010.06.08"]
[Round "4"]
[White "Husari, Satea"]
[Black "Mihok, Oliver"]
[Result "1/2-1/2"]
[WhiteElo "2334"]
[BlackElo "2425"]
[PlyCount "65"]
[EventDate "2010.06.05"]

1. d4 d5 2. Nf3 Nf6 3. g3 c6 4. Bg2 Bf5 5. O-O h6 6. c4 e6 7. Qb3 Qb6 8. c5
Qxb3 9. axb3 Nbd7 10. b4 a6 11. Nc3 Rc8 12. Nd2 Bh7 13. f3 e5 14. dxe5 Nxe5 15.
f4 Ned7 16. e4 dxe4 17. Ndxe4 Be7 18. f5 O-O 19. Bf4 Rfe8 20. Bd6 Nxe4 21. Nxe4
Nf6 22. Bxe7 Nxe4 23. Bxe4 Rxe7 24. Bc2 Rd8 25. Rfd1 Ree8 26. g4 Kf8 27. Rxd8
Rxd8 28. Rd1 Rxd1+ 29. Bxd1 Ke7 30. Kf2 Kf6 31. Ke3 g6 32. fxg6 fxg6 33. Kd4
1/2-1/2

[Event "First Saturday 2010 junius GM"]
[Site "Budapest"]
[Date "2010.06.09"]
[Round "5"]
[White "Mihok, Oliver"]
[Black "Vajda, Levente"]
[Result "0-1"]
[WhiteElo "2425"]
[BlackElo "2519"]
[PlyCount "136"]
[EventDate "2010.06.05"]

1. e4 e5 2. Nf3 Nc6 3. Bb5 a6 4. Ba4 Nf6 5. O-O Be7 6. Re1 b5 7. Bb3 O-O 8. h3
Bb7 9. d3 d6 10. a3 Qd7 11. Nbd2 Nd8 12. Nf1 Ne6 13. Ng3 Nc5 14. Ba2 Rae8 15.
b4 Ne6 16. c3 c5 17. Bb2 Bd8 18. d4 c4 19. Bb1 Nf4 20. Bc1 Ng6 21. Ra2 exd4 22.
Qxd4 Ne5 23. Nxe5 dxe5 24. Qxd7 Nxd7 25. a4 Re6 26. Rd1 Nb6 27. axb5 axb5 28.
Ra7 Bc6 29. Bc2 Nc8 30. Ra1 Bb6 31. Be3 Bxe3 32. fxe3 g6 33. Rd2 Kg7 34. Rad1
Kf6 35. Kf2 Ke7 36. Ke2 Rd6 37. Rxd6 Nxd6 38. Ra1 h5 39. Ra7+ Ke6 40. h4 Rd8
41. Ra6 Bb7 42. Ra7 Kf6 43. Ke1 Kg7 44. Ke2 Kh6 45. Ke1 Ra8 46. Rxa8 Bxa8 47.
Kf2 Bc6 48. Kf1 g5 49. hxg5+ Kxg5 50. Kf2 f6 51. Nf5 Nxe4+ 52. Bxe4 Bxe4 53.
Nd6 Bc6 54. e4 Kf4 55. g3+ Kg4 56. Nc8 Bxe4 57. Na7 f5 58. Nxb5 f4 59. gxf4
Kxf4 60. Nd6 Bd5 61. b5 e4 62. b6 e3+ 63. Kf1 h4 64. b7 Bxb7 65. Nxb7 h3 66.
Nc5 e2+ 67. Kxe2 h2 68. Ne6+ Ke5 0-1

[Event "First Saturday 2010 junius GM"]
[Site "Budapest"]
[Date "2010.06.09"]
[Round "5"]
[White "Balog, Imre"]
[Black "Husari, Satea"]
[Result "1/2-1/2"]
[WhiteElo "2494"]
[BlackElo "2334"]
[PlyCount "97"]
[EventDate "2010.06.05"]

1. d4 Nf6 2. c4 g6 3. g3 Bg7 4. Bg2 O-O 5. Nc3 d6 6. e3 c5 7. Nge2 Nc6 8. O-O
Bd7 9. b3 Rb8 10. Bb2 cxd4 11. exd4 a6 12. Rc1 Re8 13. Qd2 Na7 14. Rfd1 b5 15.
c5 dxc5 16. dxc5 Bc6 17. Nd4 Bxg2 18. Kxg2 Qc7 19. b4 Nc6 20. Nxc6 Qxc6+ 21.
Kg1 Rbc8 22. h3 h5 23. h4 Kh7 24. Qc2 Kg8 25. Rd3 Rcd8 26. Rcd1 Qc8 27. Nd5
Nxd5 28. Rxd5 Rxd5 29. Rxd5 Qc6 30. Rd3 Bxb2 31. Qxb2 a5 32. a3 axb4 33. axb4
Ra8 34. Kh2 Qe6 35. Qc3 Qc6 36. Qe5 Re8 37. Re3 Qb7 38. Rc3 Qc6 39. Rd3 Qb7 40.
Rd5 Qc6 41. Qd4 f6 42. Rd8 Kf7 43. Rxe8 Kxe8 44. Qd3 f5 45. Qe2 Qd7 46. Kg1 Kf8
47. Qe3 Kf7 48. Qc3 Ke8 49. f3 {after 17 move} 1/2-1/2

[Event "First Saturday 2010 junius GM"]
[Site "Budapest"]
[Date "2010.06.09"]
[Round "5"]
[White "Fogarasi, Tibor"]
[Black "Kislik, Erik Andrew"]
[Result "1/2-1/2"]
[WhiteElo "2425"]
[BlackElo "2353"]
[PlyCount "25"]
[EventDate "2010.06.05"]

1. e4 c5 2. b3 d6 3. Bb2 Nf6 4. Bb5+ Nc6 5. Bxc6+ bxc6 6. d3 e5 7. Ne2 Nh5 8.
O-O Qg5 9. Qd2 Be7 10. Qxg5 Bxg5 11. Na3 Be6 12. Nc4 Kd7 13. Bc1 1/2-1/2

[Event "First Saturday 2010 junius GM"]
[Site "Budapest"]
[Date "2010.06.09"]
[Round "5"]
[White "Ilincic, Zlatko"]
[Black "Kovacs, Gabor"]
[Result "1-0"]
[WhiteElo "2447"]
[BlackElo "2521"]
[PlyCount "83"]
[EventDate "2010.06.05"]

1. d4 d5 2. c4 e6 3. e3 Nf6 4. Nc3 Be7 5. a3 O-O 6. b4 a5 7. b5 c5 8. bxc6 Nxc6
9. Nf3 a4 10. cxd5 Nxd5 11. Bd2 Nxc3 12. Bxc3 Qc7 13. Qc2 Bd7 14. Bd3 Rfc8 15.
Bd2 Na5 16. Qxc7 Rxc7 17. Bxa5 Rxa5 18. Kd2 f6 19. Rhb1 Bc6 20. e4 Kf7 21. Ra2
Rc8 22. Ke3 Ra7 23. Nd2 b5 24. Rc2 Rac7 25. Bxb5 Bxb5 26. Rxc7 Rxc7 27. Rxb5
Rc3+ 28. Ke2 Rxa3 29. Rb7 Rc3 30. d5 exd5 31. exd5 Ke8 32. Ne4 Rb3 33. Ra7 Rb4
34. Kd3 Rb3+ 35. Kc2 Rb4 36. f3 f5 37. d6 Bf8 38. d7+ Ke7 39. Ng5 Rc4+ 40. Kd3
Rc1 41. Kd2 Rc5 42. d8=Q+ 1-0

[Event "First Saturday 2010 junius GM"]
[Site "Budapest"]
[Date "2010.06.09"]
[Round "5"]
[White "Toth, Ervin"]
[Black "Nadig, Kruttika"]
[Result "1-0"]
[WhiteElo "2360"]
[BlackElo "2236"]
[PlyCount "63"]
[EventDate "2010.06.05"]

1. d4 d5 2. c4 c6 3. Nc3 dxc4 4. e4 b5 5. a4 b4 6. Na2 Nf6 7. e5 Nd5 8. Bxc4 e6
9. Nf3 Ba6 10. Qe2 Qb6 11. Bd2 c5 12. dxc5 Bxc5 13. O-O O-O 14. Rac1 Bxc4 15.
Qxc4 Nd7 16. Qg4 Kh8 17. Qh5 Be7 18. Bg5 f5 19. Rc4 Bxg5 20. Nxg5 h6 21. Nf3
Nc5 22. Nc1 Nxa4 23. Nd3 Qa6 24. b3 Nab6 25. Nxb4 Nxb4 26. Rxb4 Nd5 27. Rh4 Nc3
28. Re1 Ne4 29. Qg6 Rfd8 30. h3 Qb6 31. Rexe4 fxe4 32. Ng5 1-0

[Event "First Saturday 2010 junius GM"]
[Site "Budapest"]
[Date "2010.06.10"]
[Round "6"]
[White "Vajda, Levente"]
[Black "Nadig, Kruttika"]
[Result "1/2-1/2"]
[WhiteElo "2519"]
[BlackElo "2236"]
[PlyCount "94"]
[EventDate "2010.06.05"]

1. e4 c5 2. c3 d5 3. exd5 Qxd5 4. d4 Nf6 5. Nf3 Bg4 6. Be2 e6 7. Na3 a6 8. Qa4+
b5 9. Qd1 cxd4 10. cxd4 Bxa3 11. bxa3 Nc6 12. O-O O-O 13. h3 Bh5 14. Bf4 Rac8
15. a4 Bxf3 16. Bxf3 Qxd4 17. axb5 axb5 18. Bg5 Qe5 19. Bxf6 Qxf6 20. Bxc6 Rxc6
21. Qh5 Rb8 22. Rac1 Rxc1 23. Rxc1 h6 24. Qc5 Qb2 25. a3 Rd8 26. Qe3 b4 27.
axb4 Qxb4 28. Qf3 Qd4 29. Rb1 g5 30. g3 Kg7 31. Rc1 e5 32. Re1 Re8 33. Re4 Qa1+
34. Kg2 Re6 35. h4 gxh4 36. Rxh4 Qc1 37. Re4 Qd2 38. Qf5 Qd5 39. Kh2 Kf8 40.
Re3 Ke7 41. Rd3 Qc6 42. Rf3 Qe8 43. Qb1 Kf8 44. Qh7 Ke7 45. Qg7 Qf8 46. Qg4 Qb8
47. Qg7 Qf8 1/2-1/2

[Event "First Saturday 2010 junius GM"]
[Site "Budapest"]
[Date "2010.06.10"]
[Round "6"]
[White "Kovacs, Gabor"]
[Black "Toth, Ervin"]
[Result "1-0"]
[WhiteElo "2521"]
[BlackElo "2360"]
[PlyCount "153"]
[EventDate "2010.06.05"]

1. e4 c5 2. Nf3 e6 3. d4 cxd4 4. Nxd4 a6 5. Bd3 Qc7 6. Nc3 Nf6 7. Qe2 d6 8. O-O
Be7 9. Be3 Nbd7 10. f4 h5 11. Kh1 h4 12. Rae1 h3 13. g4 g6 14. g5 Nh5 15. f5
Ne5 16. fxe6 fxe6 17. Nf3 Bd7 18. Nxe5 dxe5 19. Qg4 O-O-O 20. Rf7 Bc5 21. Bxc5
Qxc5 22. Ne2 Kb8 23. Qg1 Qd6 24. Ref1 Bc6 25. Qe3 Rhf8 26. a3 Nf4 27. Rxf8 Rxf8
28. Rf3 Kc7 29. Ng1 Nxd3 30. cxd3 Rxf3 31. Qxf3 Bb5 32. Nxh3 Qxd3 33. Qxd3 Bxd3
34. Nf2 Be2 35. Kg2 Kc6 36. Kg3 Kd6 37. Ng4 Bd1 38. h4 a5 39. Ne3 Be2 40. Kf2
Bd3 41. Kf3 Kc5 42. Ng4 Kd6 43. Nf6 Ke7 44. Ke3 Bb5 45. Kd2 Bc6 46. Kd3 Bb5+
47. Kc3 Be2 48. Kd2 Bf3 49. Kd3 Kd6 50. Kd2 Ke7 51. Ke1 b5 52. Kd2 a4 53. Kc3
Kd6 54. Kb4 Be2 55. Ka5 Ke7 56. Kb6 Bd3 57. Kc6 Be2 58. Nd7 Bd3 59. Nxe5 Bxe4+
60. Kc5 Bb1 61. Kc6 Be4+ 62. Kc7 Ke8 63. Kd6 Bf5 64. Nc6 Kf7 65. Nd8+ Ke8 66.
Nxe6 Kf7 67. Nf4 Bg4 68. Kc6 Bf5 69. Kxb5 Bb1 70. Kc6 Be4+ 71. Kd6 Bc2 72. Nd5
Bb3 73. Nb6 Bd1 74. Nd7 Be2 75. Ne5+ Kg7 76. Ke7 Bd1 77. Nd3 1-0

[Event "First Saturday 2010 junius GM"]
[Site "Budapest"]
[Date "2010.06.10"]
[Round "6"]
[White "Kislik, Erik Andrew"]
[Black "Ilincic, Zlatko"]
[Result "1/2-1/2"]
[WhiteElo "2353"]
[BlackElo "2447"]
[PlyCount "67"]
[EventDate "2010.06.05"]

1. e4 c5 2. Nf3 d6 3. d4 cxd4 4. Nxd4 Nf6 5. Nc3 a6 6. Bc4 Bd7 7. O-O e6 8. f4
b5 9. Bd3 b4 10. Nce2 Qb6 11. Kh1 e5 12. Nf3 Nc6 13. a3 Ng4 14. Qe1 h5 15. h3
bxa3 16. Rxa3 Nf6 17. Nc3 Nb4 18. Nd5 Nfxd5 19. exd5 Nxd3 20. cxd3 Be7 21. fxe5
O-O 22. e6 fxe6 23. dxe6 Bc6 24. Qe2 Bd5 25. Nh2 Rxf1+ 26. Nxf1 Rf8 27. Ne3
Bxe6 28. Nc4 Bxc4 29. dxc4 h4 30. Re3 Bf6 31. Re8 Be5 32. Rxf8+ Kxf8 33. Qf3+
Kg8 34. Qd5+ 1/2-1/2